00666 2200241 4500001002100000005001700021008004100038020002200079035002500101040001200126082002300138084002300161090002300184100001800207245007200225250001100297260003100308300002200339650002000361700000900381850001200390990002200402INLIS00000000000345620150526142029.0  a978-602-7968-24-4 a0010-041500000000522 aYOPDYOG aDEP 899.2213 Yar M aDEP 899.2213 Yar M aDEP 899.2213 Yar M aYARICA ERYANA aMoonlight : Cintamu begitu bersinar /cYarica Eryana ; editor, R.N. aCet. 1 aYogyakartabde Teensc2013 a199 hlm. ;c20 cm aFiksi Indonesia aR.N. aYOPDYOG aCB-D.11-2013-2005